000 00595nam a2200193 i 4500
001 76349
003 ES-MaACL
005 20230906172819.0
007 t|
008 040930s1972 sp ||||1| spa d
100 1 _aGrossman, Marens A.
_960186
245 1 0 _aPrincipios de tratamiento térmico /
_cM.A. Grossman y E.C. Bain ; versión José Mª Belló Berbegal.
250 _a[1ª ed.].
260 _aMadrid :
_bBlume,
_c[1972]
300 _a278 p. :
_bil. ;
_c25 cm.
700 1 _aBain, E. C.
_924727
700 1 _aBelló Berbegal, José Mª.
_927238
852 _aES-MaACL
_jC-44472
_bR.83517
999 _c76349
_d76349